El regimiento municipal de Pamplona en el siglo XVI
Guardat en:
| Autor principal: | |
|---|---|
| Format: | Llibre |
| Idioma: | espanyol |
| Publicat: |
Pamplona
Institución Príncipe de Viana
1979
|
| Col·lecció: | Historia
|
| Matèries: | |
| Etiquetes: |
Afegir etiqueta
Sense etiquetes, Sigues el primer a etiquetar aquest registre!
|
MARC
| LEADER | 00000nam a2200000 a 4500 | ||
|---|---|---|---|
| 001 | UCS0522 | ||
| 003 | CL-VaPUC | ||
| 008 | 970426e19790000SP |||||||||||||||||spa|d | ||
| 082 | 0 | 4 | |a 352.007 |b LAS |2 21 |
| 100 | 0 | |a Lasaosa Villanua, Santiago |e author |9 384143 | |
| 245 | 1 | 3 | |a El regimiento municipal de Pamplona en el siglo XVI |
| 300 | |a 552 p | ||
| 942 | |c BK | ||
| 945 | |d 19970426 00:00:00 |a paguirre | ||
| 260 | |a Pamplona |b Institución Príncipe de Viana |c 1979 | ||
| 650 | 0 | |a Municipalidades |9 255557 | |
| 650 | 0 | |a Historia |9 255047 | |
| 650 | 0 | |a Derecho administrativo |9 254851 | |
| 650 | 7 | |a RESPONSABILIDAD MUNICIPAL |2 CL-VaPUC |9 384144 | |
| 650 | 0 | |a Ciudades |9 265474 | |
| 650 | 7 | |a DERECHO MUNICIPAL |2 CL-VaPUC |9 257568 | |
| 651 | 0 | |a España |9 254926 | |
| 583 | |a last modification |c 19970426 00:00:00 |k Rodrigo Vera | ||
| 490 | 0 | |a Historia | |
| 999 | |c 258747 |d 258745 | ||
| 952 | |0 0 |1 0 |4 0 |6 352_007000000000000_LAS_1979 |7 0 |8 A |9 283033 |a BIBDER |b BIBDER |d 2019-11-19 |i 1836447 |o 352.007 LAS 1979 |p 1836447 |r 2019-11-19 |w 2019-11-19 |y BK |k DER | ||
| 952 | |0 0 |1 0 |4 0 |6 352_007000000000000_LAS_1979 |7 0 |8 DER_HIS |9 283034 |a BIBDER |b BIBDER |d 2019-11-19 |i 1887254 |o 352.007 LAS 1979 |p 1887254 |r 2023-01-25 |w 2019-11-19 |x Ubicación 4to Piso |y BK |z Estos recursos deben solicitarse con anticipación |k DER | ||